| 000 | 00570nam a2200181 a 4500 | ||
|---|---|---|---|
| 001 | ASIN0748621946 | ||
| 005 | 20170105102923.0 | ||
| 008 | 131209s2005 xxu eng d | ||
| 020 | _a0748621946 (paperback) | ||
| 020 | _a9780748621941 (paperback) | ||
| 040 | _a0 | ||
| 100 | 1 | _aCrone, Patricia. | |
| 245 | 1 | 0 |
_aMedieval islamic political thought / _cPatricia Crone. |
| 260 |
_a[S.l.] : _bEDINBURGH UNIVERSITY, _c2005. |
||
| 300 |
_a462 p. ; _c24 cm. |
||
| 856 | 4 | 0 |
_3Amazon.com _uhttp://www.amazon.com/exec/obidos/ASIN/0748621946/chopaconline-20 |
| 942 |
_2ddc _cBK |
||
| 999 |
_c15683 _d15683 |
||